000 00341nam a22001457a 4500
020 _a978-94-007-5508-6
041 _aENG
100 _aBenedini.B
245 _aWater Quality Modelling For Rivers And Streams
260 _aNew work
_bSpringer
_c1996
300 _a288
650 _aSWCE
700 _aTsakiris .G
856 _uSWCE ( 43 )
999 _c1938
_d1938